[Event "Chess24 Banter QualC 2020"]
[Site "chess24.com INT"]
[Date "2020.09.06"]
[Round "1.1"]
[White "Van Foreest, Jorden"]
[Black "Maze, Sebastien"]
[Result "0-1"]
[WhiteTitle "GM"]
[BlackTitle "GM"]
[WhiteElo "2682"]
[BlackElo "2557"]
[WhiteFideId "1039784"]
[BlackFideId "613762"]
[EventDate "2020.09.06"]

1. c4 Nf6 2. Nc3 g6 3. e4 d6 4. d4 Bg7 5. Nf3 O-O 6. Be2 Na6 7. O-O e5 8. Be3 c6
9. d5 Ng4 10. Bg5 f6 11. Bh4 c5 12. a3 Nh6 13. Rb1 Nf7 14. b4 h5 15. Bg3 Bh6 16.
Nh4 Kg7 17. Bxh5 gxh5 18. Qxh5 Nh8 19. f4 Qe8 20. Qf3 exf4 21. Bxf4 Bxf4 22.
Qxf4 Qe5 23. Qf3 Nf7 24. Ne2 Rh8 25. Qf2 Qg5 26. Nf3 Qh6 27. Ng3 Bd7 28. Rb3 Ng5
29. Nxg5 Qxh2# 0-1

[Event "Chess24 Banter QualC 2020"]
[Site "chess24.com INT"]
[Date "2020.09.06"]
[Round "1.2"]
[White "Maze, Sebastien"]
[Black "Van Foreest, Jorden"]
[Result "1/2-1/2"]
[WhiteTitle "GM"]
[BlackTitle "GM"]
[WhiteElo "2557"]
[BlackElo "2682"]
[WhiteFideId "613762"]
[BlackFideId "1039784"]
[EventDate "2020.09.06"]

1. e4 d5 2. exd5 Qxd5 3. Nc3 Qa5 4. d4 Nf6 5. Bc4 Bg4 6. f3 Bd7 7. Bd2 Qb6 8.
Nge2 e6 9. Be3 Nc6 10. Bf2 Na5 11. Bb3 Nxb3 12. axb3 Be7 13. O-O O-O 14. Nf4
Rfd8 15. Qe2 Qd6 16. Nd3 Nd5 17. Ne4 Qb6 18. Ne5 Be8 19. Nc4 Qb4 20. Rfd1 h6 21.
Be1 Qb5 22. Ra5 Qc6 23. Ne5 Qb6 24. Nc4 Qc6 25. Ne5 Qb6 26. Nc4 Qc6 1/2-1/2

[Event "Chess24 Banter QualC 2020"]
[Site "chess24.com INT"]
[Date "2020.09.06"]
[Round "1.3"]
[White "Van Foreest, Jorden"]
[Black "Maze, Sebastien"]
[Result "1-0"]
[WhiteTitle "GM"]
[BlackTitle "GM"]
[WhiteElo "2682"]
[BlackElo "2557"]
[WhiteFideId "1039784"]
[BlackFideId "613762"]
[EventDate "2020.09.06"]

1. e4 c5 2. Nf3 Nc6 3. c3 Qa5 4. Na3 e6 5. d4 cxd4 6. Nc4 Qh5 7. cxd4 Nf6 8. e5
Nd5 9. Be2 Be7 10. O-O O-O 11. g3 f5 12. exf6 Bxf6 13. Nd6 Qh3 14. Ng5 Bxg5 15.
Bxg5 Nf6 16. Rc1 h6 17. Bxf6 Rxf6 18. Bg4 1-0

[Event "Chess24 Banter QualC 2020"]
[Site "chess24.com INT"]
[Date "2020.09.06"]
[Round "1.4"]
[White "Maze, Sebastien"]
[Black "Van Foreest, Jorden"]
[Result "1-0"]
[WhiteTitle "GM"]
[BlackTitle "GM"]
[WhiteElo "2557"]
[BlackElo "2682"]
[WhiteFideId "613762"]
[BlackFideId "1039784"]
[EventDate "2020.09.06"]

1. c4 Nf6 2. Nc3 g6 3. e4 d6 4. g3 Bg7 5. Bg2 c5 6. Nge2 Nc6 7. d3 Bg4 8. f3 Bd7
9. Be3 a6 10. O-O O-O 11. h3 b5 12. f4 Ne8 13. Qd2 Na5 14. e5 Rb8 15. exd6 Nxd6
16. b3 Qc8 17. Nd5 Nc6 18. Bxc5 Bxh3 19. Rac1 Bxg2 20. Kxg2 bxc4 21. Bxd6 exd6
22. dxc4 h5 23. f5 Kh7 24. Qc2 Ne5 25. Nef4 Qxf5 26. Qxf5 gxf5 27. Rh1 Rfe8 28.
Rxh5+ Kg8 29. Re1 Ng4 30. Rxe8+ Rxe8 31. Rxf5 Re1 32. Rg5 Ne5 33. Nh5 Ng6 34.
Ndf4 Bh6 35. Rg4 Kh7 36. Nxg6 fxg6 37. Nf4 g5 38. Nd5 Re2+ 39. Kf3 Rxa2 40. Re4
Ra3 41. Kg4 Rxb3 42. Kh5 Rb7 43. Re6 Bf8 44. Kxg5 a5 45. Re8 Bh6+ 46. Kf5 Rf7+
47. Nf6+ Rxf6+ 48. Kxf6 Bd2 49. Ra8 Bc3+ 50. Kf5 Bb4 51. g4 Bc3 52. g5 Kg7 53.
Ra7+ Kg8 54. Kg6 Bd2 55. Ra8# 1-0

[Event "Chess24 Banter QualC 2020"]
[Site "chess24.com INT"]
[Date "2020.09.06"]
[Round "1.5"]
[White "Van Foreest, Jorden"]
[Black "Maze, Sebastien"]
[Result "1-0"]
[WhiteTitle "GM"]
[BlackTitle "GM"]
[WhiteElo "2682"]
[BlackElo "2557"]
[WhiteFideId "1039784"]
[BlackFideId "613762"]
[EventDate "2020.09.06"]

1. e4 e5 2. d3 Nc6 3. Nc3 Bb4 4. Ne2 Nge7 5. g3 h5 6. h3 d6 7. Bg2 a6 8. Be3 Bc5
9. d4 exd4 10. Nxd4 Ne5 11. Qe2 b5 12. f4 Nc4 13. O-O-O Nxe3 14. Qxe3 Bb7 15.
Qe2 h4 16. e5 d5 17. g4 c6 18. f5 Qb6 19. Nb3 Be3+ 20. Kb1 Bg5 21. Rhe1 O-O-O
22. a3 Rhe8 23. Qf3 Kb8 24. e6 f6 25. a4 Nc8 26. a5 Qc7 27. Qf2 Nd6 28. Bf1 Nc4
29. Bxc4 bxc4 30. Nc5 Qxa5 31. e7 Rd6 32. Nxb7 Kxb7 33. Ne4 Rd7 34. Nc5+ Kc8 35.
Nxd7 Kxd7 36. Re6 Rb8 37. Qa7+ 1-0

[Event "Chess24 Banter QualC 2020"]
[Site "chess24.com INT"]
[Date "2020.09.06"]
[Round "1.6"]
[White "Maze, Sebastien"]
[Black "Van Foreest, Jorden"]
[Result "1-0"]
[WhiteTitle "GM"]
[BlackTitle "GM"]
[WhiteElo "2557"]
[BlackElo "2682"]
[WhiteFideId "613762"]
[BlackFideId "1039784"]
[EventDate "2020.09.06"]

1. c4 Nf6 2. Nc3 e5 3. Nf3 Nc6 4. e4 Bb4 5. d3 d6 6. a3 Bc5 7. b4 Bb6 8. Na4 Bd4
9. Nxd4 Nxd4 10. f3 c6 11. Be3 a5 12. Bxd4 exd4 13. Nb2 Qb6 14. Na4 Qd8 15. Nb2
O-O 16. Be2 Nh5 17. O-O Qg5 18. Rf2 Nf4 19. Kh1 f5 20. Bf1 fxe4 21. dxe4 axb4
22. axb4 Rxa1 23. Qxa1 Be6 24. Qd1 c5 25. g3 Nh3 26. Bxh3 Bxh3 27. Nd3 Qe3 28.
bxc5 dxc5 29. Kg1 Ra8 30. Nf4 Be6 31. Nxe6 Ra2 32. Qf1 d3 33. Nf4 d2 34. Qd1 b5
35. Kg2 bxc4 36. Nd5 Qd4 37. Re2 c3 38. Nxc3 Qxc3 39. e5 Kf7 40. e6+ Ke7 41. Qb1
Qb2 42. Qd3 Qd4 43. Qb3 Ra7 44. Qd1 Ra2 45. Qb3 Rb2 46. Qd1 c4 47. Qa1 d1=Q 48.
Qa3+ Qd6 49. Qxb2 Q1d4 50. Qb7+ Kf6 51. Qf7+ Kg5 52. h4+ Kh6 53. e7 Q4e5 54.
Rxe5 Qxe5 55. e8=Q Qb2+ 56. Kh3 1-0

[Event "Chess24 Banter QualC 2020"]
[Site "chess24.com INT"]
[Date "2020.09.06"]
[Round "1.7"]
[White "Van Foreest, Jorden"]
[Black "Maze, Sebastien"]
[Result "1-0"]
[WhiteTitle "GM"]
[BlackTitle "GM"]
[WhiteElo "2682"]
[BlackElo "2557"]
[WhiteFideId "1039784"]
[BlackFideId "613762"]
[EventDate "2020.09.06"]

1. e4 e5 2. Nf3 Nc6 3. Bc4 Bc5 4. c3 Nf6 5. d4 exd4 6. e5 d5 7. Bb5 Ne4 8. cxd4
Bb6 9. Nc3 O-O 10. Be3 Ba5 11. Rc1 Ne7 12. O-O Nxc3 13. bxc3 c6 14. Bd3 Bf5 15.
Nh4 Bxd3 16. Qxd3 Bc7 17. Bg5 f6 18. exf6 gxf6 19. Bh6 Rf7 20. Rce1 Qd7 21. Re3
Kh8 22. Rfe1 Rg8 23. g3 Bd6 24. Re6 Ng6 25. Nf5 Bf8 26. Kh1 Qc7 27. Qf3 Qd7 28.
h4 a5 29. h5 Ne7 30. Nxe7 Bxe7 31. Rxe7 1-0

[Event "Chess24 Banter QualC 2020"]
[Site "chess24.com INT"]
[Date "2020.09.06"]
[Round "1.8"]
[White "Maze, Sebastien"]
[Black "Van Foreest, Jorden"]
[Result "0-1"]
[WhiteTitle "GM"]
[BlackTitle "GM"]
[WhiteElo "2557"]
[BlackElo "2682"]
[WhiteFideId "613762"]
[BlackFideId "1039784"]
[EventDate "2020.09.06"]

1. d4 d5 2. Nf3 Nf6 3. Bf4 c5 4. e3 Nc6 5. Nbd2 Nh5 6. dxc5 Nxf4 7. exf4 g6 8.
c3 Bg7 9. Bd3 O-O 10. O-O Qa5 11. Nb3 Qc7 12. g3 Rd8 13. Re1 b6 14. cxb6 Qxb6
15. Ne5 e6 16. Nxc6 Qxc6 17. Bf1 a5 18. Nd4 Qb6 19. Qd2 Rb8 20. b3 Bd7 21. Rab1
Rdc8 22. h4 Rc7 23. Rec1 Rbc8 24. Ne2 Bb5 25. c4 Bc6 26. cxd5 Bxd5 27. Rxc7 Rxc7
28. Rc1 Rxc1 29. Qxc1 Bf8 30. Bg2 Bc5 31. Qe1 Qc6 32. Bxd5 Qxd5 33. Nc3 Qf3 34.
Ne4 Bd4 35. Kh2 h6 36. Nd2 Qc3 37. Qd1 Qd3 38. Qe1 Bc3 39. Qe4 Qxd2 40. Qf3 Bd4
41. Kg2 Qxa2 0-1

[Event "Chess24 Banter QualC 2020"]
[Site "chess24.com INT"]
[Date "2020.09.06"]
[Round "1.1"]
[White "Bartel, Mateusz"]
[Black "Tari, Aryan"]
[Result "1-0"]
[WhiteTitle "GM"]
[BlackTitle "GM"]
[WhiteElo "2643"]
[BlackElo "2630"]
[WhiteFideId "1112635"]
[BlackFideId "1510045"]
[EventDate "2020.09.06"]

1. e4 c6 2. Nf3 d5 3. Nc3 Bg4 4. h3 Bxf3 5. Qxf3 e6 6. Qg3 h5 7. d4 dxe4 8. Nxe4
Qxd4 9. Bd3 Nf6 10. Nxf6+ Qxf6 11. Qc7 Bc5 12. O-O Nd7 13. Qxb7 Rd8 14. Qxc6 O-O
15. Qe4 g6 16. c3 Bb6 17. Bc2 Nc5 18. Qe2 e5 19. Be3 Ne6 20. Rad1 Nf4 21. Qf3
Qg5 22. Kh2 Bxe3 23. fxe3 Rxd1 24. Rxd1 Ne6 25. Bb3 Qe7 26. Qc6 Rd8 27. Rxd8+
Nxd8 28. Qxg6+ Kf8 29. Qh6+ Ke8 30. Qh8+ Kd7 31. Qxh5 Nc6 32. Qxf7 1-0

[Event "Chess24 Banter QualC 2020"]
[Site "chess24.com INT"]
[Date "2020.09.06"]
[Round "1.2"]
[White "Tari, Aryan"]
[Black "Bartel, Mateusz"]
[Result "1-0"]
[WhiteTitle "GM"]
[BlackTitle "GM"]
[WhiteElo "2630"]
[BlackElo "2643"]
[WhiteFideId "1510045"]
[BlackFideId "1112635"]
[EventDate "2020.09.06"]

1. e4 e6 2. d4 d5 3. Nc3 Nf6 4. e5 Nfd7 5. f4 c5 6. Nf3 Nc6 7. Be3 cxd4 8. Nxd4
Bc5 9. Qd2 O-O 10. h4 Bxd4 11. Bxd4 Nxd4 12. Qxd4 Qb6 13. O-O-O Qxd4 14. Rxd4 f6
15. exf6 Nxf6 16. h5 Bd7 17. Be2 Rae8 18. Bf3 Bc6 19. Re1 Re7 20. g4 Ne4 21.
Nxe4 Rxf4 22. Nf6+ Rxf6 23. Bxd5 Bxd5 24. Rxd5 h6 25. Rd4 Kf7 26. b4 Rf2 27. Rc4
Rd7 28. a4 Kf6 29. b5 e5 30. Rc5 Re7 31. Re4 b6 32. Rc6+ Kf7 33. Kb2 Rf3 34. c3
Re6 35. Kb3 Rf4 36. Rec4 e4 37. Rc7+ Kf6 38. Rxa7 Rxg4 39. a5 bxa5 40. Ra6 Rg5
41. Ka4 Re5 42. Kxa5 e3 43. Rf4+ Kg5 44. Rf1 e2 45. Re1 Kf4 46. Rxe6 Rxe6 47. b6
Ke3 48. b7 Re8 49. c4 Kd4 50. Kb5 Rb8 51. Kc6 Kxc4 52. Rxe2 1-0

[Event "Chess24 Banter QualC 2020"]
[Site "chess24.com INT"]
[Date "2020.09.06"]
[Round "1.3"]
[White "Bartel, Mateusz"]
[Black "Tari, Aryan"]
[Result "1/2-1/2"]
[WhiteTitle "GM"]
[BlackTitle "GM"]
[WhiteElo "2643"]
[BlackElo "2630"]
[WhiteFideId "1112635"]
[BlackFideId "1510045"]
[EventDate "2020.09.06"]

1. e4 e5 2. Nf3 Nc6 3. Bb5 a6 4. Ba4 Nf6 5. Nc3 Bc5 6. Bxc6 dxc6 7. d3 Nd7 8.
Be3 Bd6 9. Qe2 c5 10. a4 Nf8 11. Nd2 Ne6 12. Nc4 Nd4 13. Qd1 Be6 14. Ne2 O-O 15.
Ng3 b5 16. Nd2 Rb8 17. axb5 axb5 18. c3 Nc6 19. O-O Be7 20. Qc2 Nd4 21. cxd4
cxd4 22. Nf3 dxe3 23. fxe3 f6 24. Ra7 c5 25. Nf5 Bxf5 26. exf5 Qd6 27. Nd2 Rfe8
28. Ne4 Qb6 29. Rfa1 c4 30. Kf2 Bc5 31. Nxc5 Qxc5 32. Rd7 Ra8 33. Rxa8 Rxa8 34.
dxc4 Qxc4 35. Qxc4+ bxc4 36. Rc7 Rb8 37. Rxc4 Rxb2+ 38. Kf3 h6 1/2-1/2

[Event "Chess24 Banter QualC 2020"]
[Site "chess24.com INT"]
[Date "2020.09.06"]
[Round "1.4"]
[White "Tari, Aryan"]
[Black "Bartel, Mateusz"]
[Result "1/2-1/2"]
[WhiteTitle "GM"]
[BlackTitle "GM"]
[WhiteElo "2630"]
[BlackElo "2643"]
[WhiteFideId "1510045"]
[BlackFideId "1112635"]
[EventDate "2020.09.06"]

1. e4 e6 2. d4 d5 3. Nc3 Nf6 4. e5 Nfd7 5. f4 c5 6. Nf3 Nc6 7. Be3 cxd4 8. Nxd4
Bc5 9. Qd2 O-O 10. h4 Bxd4 11. Bxd4 Nxd4 12. Qxd4 Qb6 13. O-O-O Qxd4 14. Rxd4 f6
15. exf6 Nxf6 16. h5 Bd7 17. Be2 Bc6 18. Bf3 Rae8 19. Re1 Re7 20. b4 Rfe8 21. b5
Bd7 22. a4 Kf8 23. Kb2 Rc8 24. f5 exf5 25. Rxe7 Kxe7 26. Nxd5+ Nxd5 27. Rxd5 b6
28. Rd4 Rc5 29. c4 Be6 30. Kc3 g5 31. hxg6 hxg6 32. Kb4 g5 33. a5 g4 34. Bc6 Re5
35. Rd2 Re1 36. axb6 axb6 37. Bd5 f4 38. Rd4 f3 39. gxf3 g3 40. Bxe6 g2 41. Rg4
g1=Q 42. Rxg1 Rxg1 43. Bd5 Kd6 44. Kc3 Kc5 45. Kd3 Re1 46. Kd2 Re8 47. Kd3 Re7
48. f4 Re1 49. f5 Kd6 50. Kd4 Rf1 51. Ke4 Re1+ 52. Kf4 Rf1+ 53. Kg5 Ke5 54. Be6
Rg1+ 55. Kh6 Kf6 56. Kh7 Rg4 57. Kh8 Rg7 58. Bd5 Rc7 59. Be6 Rg7 60. Bd5 Rc7 61.
Be6 Rg7 1/2-1/2

[Event "Chess24 Banter QualC 2020"]
[Site "chess24.com INT"]
[Date "2020.09.06"]
[Round "1.5"]
[White "Bartel, Mateusz"]
[Black "Tari, Aryan"]
[Result "0-1"]
[WhiteTitle "GM"]
[BlackTitle "GM"]
[WhiteElo "2643"]
[BlackElo "2630"]
[WhiteFideId "1112635"]
[BlackFideId "1510045"]
[EventDate "2020.09.06"]

1. e4 e5 2. Nf3 Nc6 3. Bb5 a6 4. Ba4 Nf6 5. d3 b5 6. Bb3 Bc5 7. h3 h6 8. a4 Rb8
9. Nc3 d6 10. Ne2 O-O 11. Ng3 Ne7 12. axb5 axb5 13. c3 Ng6 14. O-O Bb6 15. d4
Re8 16. Be3 Bb7 17. dxe5 dxe5 18. Bxb6 cxb6 19. Qe2 Bc6 20. Rfd1 Qc7 21. Nh2 Nf4
22. Qf3 Rbd8 23. Ng4 Nxg4 24. Qxg4 g6 25. Qf3 Kg7 26. Qe3 Rxd1+ 27. Rxd1 Rd8 28.
Rd2 Qe7 29. Kh2 h5 30. Nf1 Rxd2 31. Nxd2 Qc5 32. Qf3 Qd6 33. Qe3 h4 34. Nf3 Qc5
35. Qxc5 bxc5 36. Bc2 f5 37. Nxh4 Bxe4 38. Bd1 Nd3 39. Be2 c4 40. Nf3 Bxf3 41.
Bxf3 Nxb2 42. Bc6 b4 43. cxb4 c3 0-1

[Event "Chess24 Banter QualC 2020"]
[Site "chess24.com INT"]
[Date "2020.09.06"]
[Round "1.6"]
[White "Tari, Aryan"]
[Black "Bartel, Mateusz"]
[Result "1/2-1/2"]
[WhiteTitle "GM"]
[BlackTitle "GM"]
[WhiteElo "2630"]
[BlackElo "2643"]
[WhiteFideId "1510045"]
[BlackFideId "1112635"]
[EventDate "2020.09.06"]

1. e4 d5 2. exd5 Qxd5 3. Nc3 Qd8 4. d4 Nf6 5. Nf3 Bg4 6. h3 Bxf3 7. Qxf3 c6 8.
Qd3 e6 9. g3 Nbd7 10. Bg2 Be7 11. O-O O-O 12. Ne2 Qb6 13. c4 e5 14. Be3 exd4 15.
Nxd4 Bc5 16. Rfd1 Ne5 17. Qc3 Rfe8 18. Nf5 Bxe3 19. Nxe3 Rad8 20. Rxd8 Qxd8 21.
Rd1 Qc8 22. b4 h5 23. Qd4 a6 24. Qf4 Ng6 25. Qd4 Ne5 26. a4 Qe6 27. b5 axb5 28.
axb5 Qc8 29. Qf4 Ng6 30. Qf5 Qc7 31. bxc6 bxc6 32. Qc5 Re6 33. Nd5 Qd8 34. Nxf6+
Qxf6 35. Qxh5 Ne5 36. c5 g6 37. Qh6 Nc4 38. Rb1 Re8 39. Qf4 Qxf4 40. gxf4 Rc8
41. Rb4 Na5 42. Rb6 Rc7 43. Kh2 Nb7 44. Bxc6 Nxc5 45. Bd5 Kg7 46. Kg3 Nd7 47.
Rb3 Nf6 48. Bf3 Ra7 49. Rb5 Rc7 50. h4 Kh6 51. f5 Kg7 52. fxg6 fxg6 53. Rb4 Ra7
54. Kg2 Rf7 55. Rb6 Re7 56. Rb5 Rc7 57. Rg5 Kh6 58. Re5 Kg7 59. Kg3 Ra7 60. Rc5
Re7 61. Rb5 Rc7 62. Rg5 Kh6 63. Re5 Kg7 64. Re6 Kf7 65. Ra6 Kg7 66. Ra5 Re7 67.
Ra4 Rc7 68. Kg2 Re7 69. Ra5 Rc7 70. Rg5 Kh6 71. Rg3 Re7 72. Bd1 Rc7 73. Be2 Ne4
74. Rg4 Nf6 75. Rf4 Kg7 76. Bd3 Rd7 77. Rf3 Nh5 78. Bc2 Rd4 79. Kh3 Nf4+ 80. Kg3
Nh5+ 81. Kh3 Nf4+ 82. Kg3 Ne2+ 83. Kg2 Rxh4 84. Re3 Nd4 1/2-1/2

[Event "Chess24 Banter QualC 2020"]
[Site "chess24.com INT"]
[Date "2020.09.06"]
[Round "1.7"]
[White "Bartel, Mateusz"]
[Black "Tari, Aryan"]
[Result "0-1"]
[WhiteTitle "GM"]
[BlackTitle "GM"]
[WhiteElo "2643"]
[BlackElo "2630"]
[WhiteFideId "1112635"]
[BlackFideId "1510045"]
[EventDate "2020.09.06"]

1. g3 g6 2. Bg2 Bg7 3. e4 c5 4. Ne2 Nc6 5. c3 e5 6. d3 Nge7 7. Be3 d6 8. Nd2 O-O
9. f4 Be6 10. Nf3 h6 11. fxe5 dxe5 12. Bxc5 Qd7 13. O-O Rad8 14. Ne1 b6 15. Be3
f5 16. Qc2 Rc8 17. Qd2 Kh7 18. Nf3 Rcd8 19. Rfd1 Qc8 20. Qe1 fxe4 21. dxe4 Rxd1
22. Rxd1 Bxa2 23. h3 Be6 24. g4 Rd8 25. Rd2 Rxd2 26. Qxd2 Qd7 27. Qxd7 Bxd7 28.
Nd2 Be6 29. Kf2 Nc8 30. Nc1 Nd6 31. Bf1 Bf6 32. Ba6 Bh4+ 33. Kf3 Kg7 34. Nd3 Bf6
35. Nf2 h5 36. g5 Bd8 37. h4 Kf7 38. Ke2 Ke8 39. Kd1 Kd7 40. Kc2 Be7 41. b4 Kc7
42. Be2 Nf7 43. Nf3 Nb8 44. Nd3 Nd7 45. Nb2 Nd6 46. Bd3 Bg4 47. Nd2 Be6 48. Bf2
Bf8 49. Bg3 Bg7 50. c4 Nb7 51. Na4 a5 52. bxa5 Nxa5 53. Nc3 Nc6 54. Nd5+ Kd6 55.
Nb3 Nc5 56. Nxc5 bxc5 57. Kd2 Nd4 58. Ke3 Kd7 59. Be1 Nc6 60. Bc3 Kd6 61. Bc2
Nd4 62. Ba4 Bf7 63. Ba5 Ne6 64. Kd2 Bf8 65. Nb6 Nd4 66. Nc8+ Ke6 67. Ke3 Bd6 68.
Kd3 Nf3 69. Bc6 Nxh4 0-1

[Event "Chess24 Banter QualC 2020"]
[Site "chess24.com INT"]
[Date "2020.09.06"]
[Round "1.1"]
[White "Mamedov, Rauf"]
[Black "Van Wely, Loek"]
[Result "1-0"]
[WhiteTitle "GM"]
[BlackTitle "GM"]
[WhiteElo "2654"]
[BlackElo "2615"]
[WhiteFideId "13401653"]
[BlackFideId "1000268"]
[EventDate "2020.09.06"]

1. e4 c5 2. Nf3 e6 3. b3 b6 4. d4 cxd4 5. Nxd4 a6 6. Bd3 Bb7 7. O-O d6 8. c4 Nf6
9. Nc3 Be7 10. Qe2 O-O 11. Bb2 Nbd7 12. Rac1 Qc7 13. Bb1 Rfe8 14. Kh1 Bf8 15. f4
Rac8 16. Rce1 e5 17. fxe5 Nxe5 18. Nf5 g6 19. Ne3 Bg7 20. Qd2 Re6 21. Ned5 Bxd5
22. exd5 Re7 23. Ne2 Rce8 24. Nd4 Neg4 25. Nc6 Re2 26. Rxe2 1-0

[Event "Chess24 Banter QualC 2020"]
[Site "chess24.com INT"]
[Date "2020.09.06"]
[Round "1.2"]
[White "Van Wely, Loek"]
[Black "Mamedov, Rauf"]
[Result "0-1"]
[WhiteTitle "GM"]
[BlackTitle "GM"]
[WhiteElo "2615"]
[BlackElo "2654"]
[WhiteFideId "1000268"]
[BlackFideId "13401653"]
[EventDate "2020.09.06"]

1. d4 Nf6 2. c4 g6 3. Nc3 Bg7 4. e4 d6 5. Nf3 O-O 6. Be2 Na6 7. O-O e5 8. Re1
Bg4 9. Be3 Bxf3 10. Bxf3 exd4 11. Bxd4 Re8 12. Qd2 Nc5 13. Rad1 Ne6 14. Be3 h5
15. e5 dxe5 16. Bxb7 Rb8 17. Bc6 Qxd2 18. Rxd2 Red8 19. Red1 Nd4 20. Bxd4 exd4
21. Ne4 Nxe4 22. Bxe4 c5 23. b3 a5 24. Re2 Kf8 25. Rd3 a4 26. g3 axb3 27. axb3
Rb6 28. Rf3 Rdb8 29. Bc2 Ra6 30. Kg2 Bf6 31. Be4 Kg7 32. Rd2 Ra3 33. Rdd3 Ra2
34. Bd5 Re8 35. Rf4 Ra6 36. Rdf3 Re7 37. h3 Rb6 38. g4 h4 39. g5 Bxg5 40. Rf6
Bxf6 0-1

[Event "Chess24 Banter QualC 2020"]
[Site "chess24.com INT"]
[Date "2020.09.06"]
[Round "1.3"]
[White "Mamedov, Rauf"]
[Black "Van Wely, Loek"]
[Result "1-0"]
[WhiteTitle "GM"]
[BlackTitle "GM"]
[WhiteElo "2654"]
[BlackElo "2615"]
[WhiteFideId "13401653"]
[BlackFideId "1000268"]
[EventDate "2020.09.06"]

1. e4 c5 2. c3 d5 3. exd5 Qxd5 4. d4 Nf6 5. Nf3 e6 6. Bd3 Nc6 7. O-O cxd4 8.
cxd4 Be7 9. Nc3 Qd6 10. Be3 O-O 11. Rc1 Rd8 12. a3 h6 13. Bb1 Bf8 14. Qc2 g6 15.
h3 Bg7 16. Qd2 Kh7 17. Rfd1 Nd5 18. h4 Nxe3 19. Qxe3 Kg8 20. h5 g5 21. d5 exd5
22. Rxd5 Qe6 23. Rxd8+ Nxd8 24. Qd3 Nc6 25. Re1 Qd7 26. Nd5 Kf8 27. Qe3 Rb8 28.
Qc5+ Kg8 29. b4 Qd8 30. b5 Be6 31. Be4 Na5 32. Rd1 b6 33. Ne7+ Kh8 34. Rxd8+
Rxd8 35. Qc7 1-0

[Event "Chess24 Banter QualC 2020"]
[Site "chess24.com INT"]
[Date "2020.09.06"]
[Round "1.4"]
[White "Van Wely, Loek"]
[Black "Mamedov, Rauf"]
[Result "1/2-1/2"]
[WhiteTitle "GM"]
[BlackTitle "GM"]
[WhiteElo "2615"]
[BlackElo "2654"]
[WhiteFideId "1000268"]
[BlackFideId "13401653"]
[EventDate "2020.09.06"]

1. d4 Nf6 2. c4 g6 3. Nc3 Bg7 4. e4 d6 5. Nf3 O-O 6. Be2 Na6 7. O-O e5 8. Be3
Qe8 9. dxe5 dxe5 10. h3 b6 11. a3 Nc5 12. Qc2 Bb7 13. Bxc5 bxc5 14. Nd5 Qd8 15.
Rfd1 c6 16. Nxf6+ Qxf6 17. Rd3 Bc8 18. Rad1 Be6 19. Rd6 Rfc8 20. Qa4 Rab8 21.
Rxc6 Rxc6 22. Qxc6 Bh6 23. b4 cxb4 24. axb4 Bf8 25. b5 Rc8 26. Qb7 Bc5 27. Kf1
Bb6 28. Rd5 Qf4 29. h4 Rxc4 30. Bxc4 Qc1+ 31. Ke2 Qxc4+ 32. Rd3 Qxb5 33. Qb8+
Kg7 34. Qxe5+ Qxe5 35. Nxe5 Bc7 36. Nc6 Bc4 37. Nxa7 Bb6 38. Nc6 Bxd3+ 39. Kxd3
Bxf2 40. h5 gxh5 41. Ke2 Bb6 42. Kf3 f6 43. Nb4 1/2-1/2

[Event "Chess24 Banter QualC 2020"]
[Site "chess24.com INT"]
[Date "2020.09.06"]
[Round "1.5"]
[White "Mamedov, Rauf"]
[Black "Van Wely, Loek"]
[Result "1/2-1/2"]
[WhiteTitle "GM"]
[BlackTitle "GM"]
[WhiteElo "2654"]
[BlackElo "2615"]
[WhiteFideId "13401653"]
[BlackFideId "1000268"]
[EventDate "2020.09.06"]

1. e4 c5 2. c3 Nf6 3. e5 Nd5 4. Nf3 e6 5. Bc4 d6 6. d4 cxd4 7. cxd4 Nb6 8. Bd3
dxe5 9. dxe5 Na6 10. O-O Nc5 11. Bc2 Qxd1 12. Rxd1 Nd5 13. a3 Bd7 14. b4 Ba4 15.
Ra2 Bxc2 16. Rxc2 Na4 17. Nbd2 Nac3 18. Re1 Rc8 19. Ne4 Kd7 20. Neg5 Ke8 21. Bb2
Rc7 22. Bxc3 Rxc3 23. Rxc3 Nxc3 24. Kf1 h6 25. Rc1 hxg5 26. Rxc3 g4 27. Ng5 Rh5
28. Rc8+ Kd7 29. Rxf8 Rxg5 30. Rxf7+ Kc6 31. Re7 Rxe5 32. Rxg7 Re4 33. h4 gxh3
34. gxh3 a5 35. bxa5 Ra4 36. Rg3 Rxa5 37. h4 Rh5 38. Rh3 Kd5 39. Kg2 Ke4 40. Kg3
Kf5 41. Rh1 Rh8 42. Rb1 Ra8 43. Rb3 e5 44. f3 Rg8+ 45. Kf2 Ra8 46. Ke3 Ra4 47.
Rxb7 Rxa3+ 48. Kf2 Ra1 49. Rg7 Kf6 50. Rg4 Rb1 51. Kg2 Rb2+ 52. Kg3 Rb1 53. h5
Rh1 54. Rh4 Rg1+ 55. Kf2 Ra1 56. h6 Ra8 57. h7 Rh8 58. Ke3 Kg5 59. Rh1 Kf5 60.
Rh2 Kg5 61. Ke4 Kf6 62. Rh1 Kg7 63. Ra1 Kf6 64. Ra6+ Kg7 65. Kxe5 Re8+ 66. Re6
Rf8 67. Re7+ Kh8 68. f4 Rf5+ 69. Ke4 Rxf4+ 70. Kxf4 1/2-1/2

[Event "Chess24 Banter QualC 2020"]
[Site "chess24.com INT"]
[Date "2020.09.06"]
[Round "1.6"]
[White "Van Wely, Loek"]
[Black "Mamedov, Rauf"]
[Result "0-1"]
[WhiteTitle "GM"]
[BlackTitle "GM"]
[WhiteElo "2615"]
[BlackElo "2654"]
[WhiteFideId "1000268"]
[BlackFideId "13401653"]
[EventDate "2020.09.06"]

1. d4 d5 2. c4 c6 3. Nf3 Nf6 4. Nc3 dxc4 5. a4 Bf5 6. Ne5 Nbd7 7. Nxc4 Qc7 8. g3
e5 9. dxe5 Nxe5 10. Bf4 Nfd7 11. Bg2 g5 12. Ne3 gxf4 13. Nxf5 O-O-O 14. O-O fxg3
15. hxg3 Nc5 16. Qc2 a5 17. Rac1 h5 18. Ne4 Nxe4 19. Qxe4 Kb8 20. Rfd1 Bb4 21.
Rxd8+ Rxd8 22. Bf3 Nxf3+ 23. Qxf3 Qe5 24. b3 Qd5 25. Kg2 Qxf3+ 26. Kxf3 Rd2 27.
Rb1 b5 28. e3 Bc3 29. Nh6 Rd6 30. Nf5 Rd2 31. Ne7 Kb7 32. Rc1 b4 33. Rb1 c5 34.
Nf5 Kc6 35. Nh6 Rd6 36. Nf5 Rd2 37. Rh1 c4 38. bxc4 b3 39. Rb1 b2 40. Ke4 Kc5
41. Nd4 Kxc4 42. Nb5 Kb3 43. f4 Bb4 44. Kf5 Ka2 45. Rxb2+ Kxb2 46. e4 Kb3 47. e5
Kxa4 48. Nc7 Kb3 49. Kf6 a4 50. Kxf7 Rd7+ 0-1

[Event "Chess24 Banter QualC 2020"]
[Site "chess24.com INT"]
[Date "2020.09.06"]
[Round "1.1"]
[White "Robson, Ray"]
[Black "Gukesh, D"]
[Result "1-0"]
[WhiteTitle "GM"]
[BlackTitle "GM"]
[WhiteElo "2673"]
[BlackElo "2563"]
[WhiteFideId "2023970"]
[BlackFideId "46616543"]
[EventDate "2020.09.06"]

1. e4 c6 2. d4 d5 3. e5 Bf5 4. Nf3 e6 5. Be2 c5 6. Be3 cxd4 7. Nxd4 Ne7 8. O-O
Nbc6 9. Bb5 a6 10. Bxc6+ bxc6 11. c4 Qd7 12. Nc3 dxc4 13. Qa4 Bd3 14. Rfd1 Nd5
15. Rac1 Be7 16. b3 Nxe3 17. fxe3 Bg5 18. Kf2 O-O 19. bxc4 Bg6 20. Nf3 Qe7 21.
Qxc6 Rac8 22. Qxa6 Bh6 23. Re1 Bd3 24. Qd6 Qxd6 25. exd6 Bxc4 26. Ne5 Ba6 27.
Ne4 Bb7 28. Nc5 Bd5 29. d7 Rb8 30. Rc2 f6 31. Ng4 Bg5 32. e4 f5 33. exd5 fxg4+
34. Kg3 Bf4+ 35. Kxg4 h5+ 36. Kh3 exd5 37. Ne6 Rf6 38. Rc8+ 1-0